[Event "Fourmies op 34th"]
[Site "Fourmies"]
[Date "2010.05.22"]
[Round "1"]
[White "Ramdedovic, Delija"]
[Black "Lalic, Bogdan"]
[Result "0-1"]
[WhiteElo "1913"]
[BlackElo "2496"]
[PlyCount "44"]
[EventDate "2010.05.22"]
[EventType "swiss"]
[EventRounds "7"]
[EventCountry "FRA"]
[SourceTitle "CBM 136 Extra"]
[Source "ChessBase"]
[SourceDate "2010.07.02"]
[SourceVersion "2"]
[SourceVersionDate "2010.07.15"]
[SourceQuality "1"]

1. d4 d5 2. c4 dxc4 3. Nf3 c6 4. a4 Nf6 5. e3 Be6 6. Ne5 c5 7. Bxc4 Bxc4 8. Nxc4 Qd5 9. Nbd2 Qxg2 10. Qf3 Qxf3 11. Nxf3 Nbd7 12. b3 g6 13. Bb2 Bg7 14. Ke2 0-0 15. Rad1 Rac8 16. a5 Ne4 17. Rc1 cxd4 18. Bxd4 Ndc5 19. Bxg7 Kxg7 20. Nfd2 Rfd8 21. f3 Nxd2 22. Nxd2 Rxd2+ 0-1

[Event "LUX-chABC"]
[Site "Dudelange"]
[Date "1998.04.18"]
[Round "8.8"]
[White "Felix, Paulo"]
[Black "Ramdedovic, Delija"]
[Result "0-1"]
[WhiteElo "1515"]
[BlackElo "1760"]
[PlyCount "96"]
[EventDate "1998.04.11"]
[EventType "swiss"]
[EventRounds "9"]
[EventCountry "LUX"]
[SourceTitle "EXT 2013"]
[Source "ChessBase"]
[SourceDate "2012.11.22"]
[SourceVersion "1"]
[SourceVersionDate "2012.11.22"]
[SourceQuality "1"]

1. e4 e5 2. Nf3 Nc6 3. c3 Nf6 4. d3 Be7 5. Be2 d6 6. Nbd2 a6 7. 0-0 0-0 8. d4 exd4 9. cxd4 Bg4 10. d5 Bxf3 11. Nxf3 Ne5 12. Nxe5 dxe5 13. Qd3 h6 14. b3 Rc8 15. Bb2 Bd6 16. Kh1 Qe7 17. Qf3 c6 18. dxc6 Rxc6 19. Bd3 Rfc8 20. Rac1 Ba3 21. Rxc6 Rxc6 22. Ba1 Bb4 23. Be2 Qc7 24. Bb2 Rc2 25. Ba1 Rxa2 26. Bd3 Ra5 27. Qd1 Rc5 28. Bb2 Bc3 29. Bc1 Bd4 30. Bd2 Qc8 31. h3 Rc6 32. g4 Nd7 33. f3 Nc5 34. Bc4 Ne6 35. f4 exf4 36. Bxf4 Bf6 37. Bxh6 b5 38. Bd5 Rc3 39. Bd2 Rxh3+ 40. Kg2 Rh7 41. Be3 Qc7 42. Rh1 Rxh1 43. Kxh1 Qg3 44. Qe2 Nf4 45. Bxf4 Qxf4 46. Kg2 Be5 47. Kh1 Qg3 48. b4 Qh3+ 0-1